[Event "Prague Summer op-B 5th"]
[Site "Prague"]
[Date "2018.08.03"]
[Round "1"]
[White "Krieger, Miroslav"]
[Black "Kovar, Josef"]
[Result "0-1"]
[WhiteElo "1536"]
[BlackElo "2040"]
[PlyCount "60"]
[EventDate "2018.08.03"]
[EventType "swiss"]
[EventRounds "9"]
[EventCountry "CZE"]
[SourceTitle "CBM 186 Extra"]
[Source "ChessBase"]
[SourceDate "2018.08.24"]
[SourceVersion "1"]
[SourceVersionDate "2018.08.24"]
[SourceQuality "1"]

1. e4 c5 2. Nf3 g6 3. c3 Bg7 4. d4 cxd4 5. cxd4 d5 6. e5 Nc6 7. Bb5 Bd7 8. Nc3 a6 9. Be2 Bg4 10. h3 Bxf3 11. Bxf3 e6 12. 0-0 Nge7 13. Be3 0-0 14. Rc1 b5 15. a3 Qb6 16. Qd2 Rac8 17. Rc2 Na5 18. Be2 Nf5 19. b4 Nc4 20. Bxc4 Rxc4 21. Rd1 Rfc8 22. Kf1 f6 23. f4 fxe5 24. fxe5 Ng3+ 25. Kg1 Rxc3 26. Rxc3 Rxc3 27. Qe1 Ne4 28. Rc1 Qc6 29. Kh2 Rxc1 30. Bxc1 Qc3 0-1

[Event "CZE-chT2A 1718"]
[Site "Czech Republic"]
[Date "2018.01.14"]
[Round "6.4"]
[White "Kovar, Josef"]
[Black "Simet, Martin"]
[Result "0-1"]
[WhiteElo "2057"]
[BlackElo "2281"]
[PlyCount "92"]
[EventDate "2017.10.15"]
[EventType "team-tourn"]
[EventRounds "11"]
[EventCountry "CZE"]
[SourceTitle "EXT 2022"]
[Source "ChessBase"]
[SourceDate "2021.10.06"]
[SourceVersion "1"]
[SourceVersionDate "2021.10.06"]
[SourceQuality "1"]
[WhiteTeam "Praha Smichov"]
[BlackTeam "Klatovy"]
[WhiteTeamCountry "CZE"]
[BlackTeamCountry "CZE"]

1. Nf3 Nf6 2. c4 g6 3. g3 Bg7 4. Bg2 0-0 5. Nc3 d6 6. 0-0 Nc6 7. d3 a6 8. Rb1 e5 9. Bg5 h6 10. Bxf6 Bxf6 11. b4 Ne7 12. a4 Bg7 13. b5 axb5 14. axb5 c6 15. bxc6 bxc6 16. d4 Ra3 17. Qd2 Qa5 18. Ne4 Qxd2 19. Nfxd2 d5 20. Nd6 exd4 21. cxd5 Nxd5 22. Bxd5 cxd5 23. Nf3 Ba6 24. Nb5 Ra4 25. Rb3 Rc8 26. Rd1 Rcc4 27. Kf1 Kf8 28. Na3 Rc3 29. Rxc3 dxc3 30. Nc2 Re4 31. Ng1 d4 32. f3 Re8 33. Kf2 Rb8 34. Ke1 Rb2 35. Rc1 Ke7 36. Nh3 d3 37. exd3 Bxd3 38. Kd1 g5 39. Nf2 Bg6 40. Ng4 Rb6 41. Ra1 Rd6+ 42. Kc1 Rd2 43. Ra7+ Kd8 44. Nb4 Rb2 45. Ra8+ Kc7 46. Nd3 Bxd3 0-1

[Event "CZE-chT1W 1617"]
[Site "Czech Republic"]
[Date "2016.12.04"]
[Round "4.5"]
[White "Kovar, Josef"]
[Black "Petr, Jan1111"]
[Result "0-1"]
[WhiteElo "2112"]
[BlackElo "2319"]
[PlyCount "38"]
[EventDate "2016.10.16"]
[EventType "team-tourn"]
[EventRounds "11"]
[EventCountry "CZE"]
[SourceTitle "CBM 177 Extra"]
[Source "ChessBase"]
[SourceDate "2017.04.27"]
[SourceVersion "1"]
[SourceVersionDate "2017.04.27"]
[SourceQuality "1"]
[WhiteTeam "Praha Smichov"]
[BlackTeam "Praha Bohemians"]
[WhiteTeamCountry "CZE"]
[BlackTeamCountry "CZE"]

1. b3 e6 2. Bb2 f5 3. g3 Nf6 4. Bg2 d5 5. Nh3 Bd6 6. c4 c6 7. 0-0 0-0 8. Qc1 Qe8 9. Ba3 Bxa3 10. Nxa3 e5 11. cxd5 cxd5 12. d4 e4 13. Qc5 Be6 14. Nf4 g5 15. Nxe6 Qxe6 16. Nb5 Na6 17. Qd6 Qf7 18. Rac1 Rfd8 19. Qe5 Ng4 0-1

[Event "Prague Menchik Memorial rapid"]
[Site "Prague"]
[Date "2016.09.18"]
[Round "4"]
[White "Kovar, Josef"]
[Black "Pulpan, Jakub"]
[Result "0-1"]
[WhiteElo "2112"]
[BlackElo "2382"]
[PlyCount "188"]
[EventDate "2016.09.18"]
[EventType "swiss (rapid)"]
[EventRounds "9"]
[EventCountry "CZE"]
[SourceTitle "CBM 174 Extra"]
[Source "ChessBase"]
[SourceDate "2016.10.10"]
[SourceVersion "1"]
[SourceVersionDate "2016.10.10"]
[SourceQuality "1"]

1. b3 e5 2. Bb2 Nc6 3. e3 Nf6 4. Bb5 Bd6 5. Bxc6 dxc6 6. d3 Qe7 7. Nd2 Bg4 8. Ne2 0-0-0 9. h3 Bh5 10. e4 Bb4 11. a3 Bxd2+ 12. Qxd2 Nxe4 13. Qe3 Nf6 14. g4 Bg6 15. Qxa7 b6 16. 0-0-0 Qc5 17. Rhf1 Kd7 18. Qa4 b5 19. Qa5 Ra8 20. Qd2 Kc8 21. Qe3 Qxe3+ 22. fxe3 Nd5 23. Kd2 f6 24. c4 Nb6 25. cxb5 cxb5 26. d4 exd4 27. Nxd4 Rd8 28. Kc1 Bf7 29. g5 Bh5 30. Rd2 fxg5 31. Nxb5 Rxd2 32. Kxd2 Kb7 33. a4 Rd8+ 34. Kc1 Nd5 35. Bd4 Rd7 36. Rf5 h6 37. Kb2 Bg6 38. Re5 Nb4 39. Kc3 Nc6 40. Rc5 Ne7 41. a5 c6 42. Na3 Nd5+ 43. Kc4 Bf5 44. a6+ Kxa6 45. Rxc6+ Kb7 46. Rc5 Be6 47. Kd3 Bxh3 48. Nc4 Bf1+ 49. Ke4 Nf6+ 50. Kf5 Bh3+ 51. Kg6 Nd5 52. Na5+ Ka6 53. Nc6 Ne7+ 54. Nxe7 Rxe7 55. Bxg7 Re6+ 56. Kh5 g4 57. Re5 Rb6 58. Kh4 Rg6 59. Bf8 g3 60. e4 g2 61. Bc5 Be6 62. b4 Bc4 63. Kh5 g1Q 64. Bxg1 Rxg1 65. Kxh6 Bd3 66. Ra5+ Kb6 67. e5 Bb5 68. Ra8 Bc6 69. Rb8+ Kc7 70. Rf8 Re1 71. Rf5 Bd7 72. Rg5 Kd8 73. Kg6 Ke7 74. b5 Bxb5 75. Kf5 Bd7+ 76. Kf4 Be8 77. Rg3 Ke6 78. Rg5 Bf7 79. Rg7 Rf1+ 80. Ke4 Rf5 81. Kd4 Rf4+ 82. Ke3 Ra4 83. Rh7 Bg6 84. Rh8 Kxe5 85. Rb8 Ra3+ 86. Kd2 Be4 87. Re8+ Kd4 88. Rd8+ Bd5 89. Rh8 Ra2+ 90. Kc1 Bc4 91. Kd1 Kc3 92. Ke1 Re2+ 93. Kd1 Re7 94. Rd8 Bb3+ 0-1

[Event "CZE-chT2A 1314"]
[Site "Czech Republic"]
[Date "2014.03.23"]
[Round "10.6"]
[White "Kovar, Josef"]
[Black "Pokrupa, Marek"]
[Result "1-0"]
[WhiteElo "2077"]
[BlackElo "2183"]
[PlyCount "81"]
[EventDate "2013.11.03"]
[EventType "team-tourn"]
[EventRounds "11"]
[EventCountry "CZE"]
[SourceTitle "EXT 2015"]
[Source "ChessBase"]
[SourceDate "2014.11.20"]
[SourceVersion "1"]
[SourceVersionDate "2014.11.20"]
[SourceQuality "1"]
[WhiteTeam "Vysehrad II"]
[BlackTeam "Kozolupy"]
[WhiteTeamCountry "CZE"]
[BlackTeamCountry "CZE"]

1. e4 e5 2. Nc3 Nf6 3. f4 d6 4. Nf3 Nc6 5. d4 Bg4 6. Bb5 Bxf3 7. gxf3 Nd7 8. Be3 exd4 9. Bxd4 Nxd4 10. Qxd4 c6 11. Bc4 Qh4+ 12. Qf2 Qxf4 13. Ne2 Qf6 14. Nc3 Be7 15. 0-0-0 b5 16. Bf1 Nc5 17. Ne2 Nxe4 18. Qe3 Nc5 19. Nd4 d5 20. Bh3 0-0 21. Nxc6 Qxc6 22. Qxe7 Qh6+ 23. Kb1 Qxh3 24. Qxc5 Qxf3 25. Qxb5 Rfd8 26. Rhf1 Qg2 27. Qb7 Qg6 28. Rxd5 Rdc8 29. Rc5 Rcb8 30. Qf3 Qb6 31. Qc3 a5 32. a3 h6 33. Rc6 Qb5 34. Rg1 g5 35. Rxh6 Kf8 36. Rh8+ Ke7 37. Re1+ Kd6 38. Rh6+ Kd7 39. Qd4+ Kc8 40. Re7 Qf1+ 41. Ka2 1-0

[Event "CZE-chT2A 1314"]
[Site "Czech Republic"]
[Date "2014.02.16"]
[Round "8.7"]
[White "Kovar, Josef"]
[Black "Husak, Antonin"]
[Result "1-0"]
[WhiteElo "2077"]
[BlackElo "1978"]
[PlyCount "75"]
[EventDate "2013.11.03"]
[EventType "team-tourn"]
[EventRounds "11"]
[EventCountry "CZE"]
[SourceTitle "EXT 2015"]
[Source "ChessBase"]
[SourceDate "2014.11.20"]
[SourceVersion "1"]
[SourceVersionDate "2014.11.20"]
[SourceQuality "1"]
[WhiteTeam "Vysehrad II"]
[BlackTeam "Tachov"]
[WhiteTeamCountry "CZE"]
[BlackTeamCountry "CZE"]

1. b3 b6 2. Bb2 Bb7 3. Nf3 Nf6 4. e3 g6 5. c4 Bg7 6. d4 c6 7. Nc3 0-0 8. Bd3 d5 9. 0-0 Nbd7 10. Qe2 Rc8 11. Rad1 Re8 12. Rfe1 h6 13. Ne5 Nh7 14. f4 Nxe5 15. dxe5 e6 16. Qg4 Rc7 17. Ne2 Rd7 18. Nd4 h5 19. Qe2 Bf8 20. cxd5 exd5 21. e6 fxe6 22. Bxg6 c5 23. Bxe8 Qxe8 24. Nf3 Bg7 25. Ne5 Bxe5 26. Bxe5 Qf7 27. Rf1 Nf6 28. Rf3 Ng4 29. Rg3 Kf8 30. Rf1 d4 31. exd4 cxd4 32. h3 Ne3 33. Rc1 Nf5 34. Rg5 d3 35. Qd2 h4 36. Rc3 Be4 37. Rc1 Ke7 38. Qb4+ 1-0

[Event "Ricany op"]
[Site "Ricany"]
[Date "2012.08.27"]
[Round "3"]
[White "Kovar, Josef"]
[Black "Balacek, Tadeas"]
[Result "1/2-1/2"]
[WhiteElo "2052"]
[BlackElo "2178"]
[PlyCount "56"]
[EventDate "2012.08.26"]
[EventType "swiss"]
[EventRounds "9"]
[EventCountry "CZE"]
[SourceTitle "CBM 150 Extra"]
[Source "ChessBase"]
[SourceDate "2012.10.19"]
[SourceVersion "1"]
[SourceVersionDate "2012.10.19"]
[SourceQuality "1"]

1. Nf3 Nf6 2. c4 g6 3. Nc3 Bg7 4. g3 0-0 5. Bg2 d6 6. 0-0 e5 7. d3 Nc6 8. Bg5 h6 9. Bxf6 Bxf6 10. Rb1 a5 11. a3 Bg7 12. b4 axb4 13. axb4 Be6 14. Nd5 Ne7 15. Nd2 c6 16. Nxe7+ Qxe7 17. Qb3 f5 18. b5 c5 19. Ra1 h5 20. b6 h4 21. Ra7 Rab8 22. Qb5 hxg3 23. hxg3 f4 24. Qc6 fxg3 25. fxg3 Qg5 26. Qxd6 Qe3+ 27. Kh2 Qh6+ 28. Kg1 Qe3+ 1/2-1/2

[Event "Ricany op"]
[Site "Ricany"]
[Date "2012.08.26"]
[Round "2"]
[White "Rihova, Kamila"]
[Black "Kovar, Josef"]
[Result "0-1"]
[WhiteElo "1672"]
[BlackElo "2052"]
[PlyCount "60"]
[EventDate "2012.08.26"]
[EventType "swiss"]
[EventRounds "9"]
[EventCountry "CZE"]
[SourceTitle "CBM 150 Extra"]
[Source "ChessBase"]
[SourceDate "2012.10.19"]
[SourceVersion "1"]
[SourceVersionDate "2012.10.19"]
[SourceQuality "1"]

1. e4 c5 2. Nf3 g6 3. d4 cxd4 4. Nxd4 Nf6 5. Nc3 Nc6 6. Be3 Bg7 7. Be2 0-0 8. 0-0 d6 9. Qd2 Ng4 10. Nxc6 bxc6 11. Bg5 Rb8 12. Rab1 Qc7 13. h3 Nf6 14. Bh6 Rb4 15. Bxg7 Kxg7 16. a3 Rb8 17. Qe3 Qa5 18. Rfd1 Be6 19. Bf3 Nd7 20. Ne2 Ne5 21. Nd4 Qb6 22. Be2 c5 23. Nxe6+ fxe6 24. b4 cxb4 25. Qxb6 Rxb6 26. Rxb4 Rc6 27. c4 Rfc8 28. Rd4 Rc5 29. Rb7 Kf6 30. Rxa7 Nc6 0-1

[Event "Prague Golden op"]
[Site "Prague"]
[Date "2010.07.??"]
[Round "8"]
[White "Kovar, Josef"]
[Black "Bednar, Marcel"]
[Result "1-0"]
[WhiteElo "2045"]
[BlackElo "2225"]
[PlyCount "123"]
[EventDate "2010.07.??"]
[EventType "swiss"]
[EventRounds "9"]
[EventCountry "CZE"]
[SourceTitle "EXT 2012"]
[Source "ChessBase"]
[SourceDate "2011.11.24"]
[SourceVersion "1"]
[SourceVersionDate "2011.11.24"]
[SourceQuality "1"]

1. e4 g6 2. g3 Bg7 3. Bg2 c5 4. f4 Nc6 5. Nf3 e6 6. 0-0 d5 7. e5 Nge7 8. Nc3 a6 9. d3 b5 10. Bd2 h5 11. h3 Nf5 12. Ne2 Qb6 13. c3 Bb7 14. Qe1 0-0-0 15. Qf2 d4 16. g4 hxg4 17. hxg4 Nh6 18. cxd4 Nxg4 19. Qg3 Nh6 20. dxc5 Qxc5+ 21. d4 Qb6 22. Nh4 Ne7 23. Bb4 Nef5 24. Qc3+ Qc7 25. Qxc7+ Kxc7 26. Ba5+ Kb8 27. Nxf5 Bxg2 28. Kxg2 Nxf5 29. Bxd8 Ne3+ 30. Kg3 Nxf1+ 31. Rxf1 Rxd8 32. Rh1 Bf8 33. Rh7 Rd7 34. Rh8 Rd8 35. Kf3 Kc7 36. Ke3 Kc6 37. Rh7 Rd7 38. Nc3 Bb4 39. Ne4 Ba5 40. Nc5 Re7 41. Kd3 Kd5 42. Nxa6 Ra7 43. Nc5 Bb6 44. Ne4 Bxd4 45. Nf6+ Kc5 46. b4+ Kxb4 47. Kxd4 Ka3 48. Rh2 Rc7 49. Ne4 b4 50. Nc5 Rc8 51. Kc4 Rd8 52. Rh3+ Kxa2 53. Rb3 Rg8 54. Rxb4 g5 55. fxg5 Rxg5 56. Ra4+ Kb2 57. Nd3+ Kb1 58. Kc3 Rg3 59. Rf4 f5 60. exf6 e5 61. Rf1+ Ka2 62. f7 1-0

[Event "Prague Golden op"]
[Site "Prague"]
[Date "2010.07.??"]
[Round "4"]
[White "Kovar, Josef"]
[Black "Fiser, Jiri"]
[Result "1-0"]
[WhiteElo "2045"]
[BlackElo "1915"]
[PlyCount "87"]
[EventDate "2010.07.??"]
[EventType "swiss"]
[EventRounds "9"]
[EventCountry "CZE"]
[SourceTitle "EXT 2012"]
[Source "ChessBase"]
[SourceDate "2011.11.24"]
[SourceVersion "1"]
[SourceVersionDate "2011.11.24"]
[SourceQuality "1"]

1. c4 e5 2. g3 Nc6 3. Bg2 g6 4. Nc3 Bg7 5. Nf3 Nf6 6. 0-0 0-0 7. b4 d6 8. Rb1 Bd7 9. d3 Re8 10. Bg5 h6 11. Bxf6 Bxf6 12. b5 Ne7 13. Nd2 Qc8 14. Re1 Bg7 15. a4 f5 16. Qc2 c6 17. bxc6 Bxc6 18. e4 Qd7 19. Qa2 Kh7 20. Bh3 Rf8 21. Rb4 Rab8 22. Nd5 Qe8 23. Rf1 f4 24. Nc7 Qf7 25. Ne6 Rfe8 26. c5 d5 27. Nc7 Qf8 28. exd5 Nxd5 29. Nxd5 Qxc5 30. Rb5 Bxb5 31. Ne4 Qf8 32. axb5 Red8 33. Rc1 Rxd5 34. Qxd5 Rd8 35. Qb3 Qe7 36. Nc5 fxg3 37. hxg3 Qg5 38. Rc4 Qd2 39. Bf1 Rf8 40. Ne4 Qa5 41. b6 axb6 42. Qc3 Qxc3 43. Rxc3 Rf7 44. Rb3 1-0

[Event "Prague Golden op"]
[Site "Prague"]
[Date "2010.07.??"]
[Round "6"]
[White "Kovar, Josef"]
[Black "Rous, Daniel"]
[Result "1-0"]
[WhiteElo "2045"]
[BlackElo "1905"]
[PlyCount "51"]
[EventDate "2010.07.??"]
[EventType "swiss"]
[EventRounds "9"]
[EventCountry "CZE"]
[SourceTitle "EXT 2012"]
[Source "ChessBase"]
[SourceDate "2011.11.24"]
[SourceVersion "1"]
[SourceVersionDate "2011.11.24"]
[SourceQuality "1"]

1. e4 c5 2. Nc3 e6 3. f4 a6 4. g3 b5 5. Bg2 Bb7 6. d3 Nf6 7. Nf3 d5 8. e5 Nfd7 9. 0-0 Nc6 10. f5 d4 11. fxe6 fxe6 12. Ne4 Ncxe5 13. Nxe5 Nxe5 14. Qh5+ Ng6 15. Nf6+ gxf6 16. Bxb7 Ra7 17. Be4 f5 18. Bc6+ Kf7 19. Bd2 Qc8 20. Bg2 Ke7 21. Rae1 Qd7 22. Qxf5 Kd8 23. Rxe6 Bd6 24. Qd5 Bxg3 25. hxg3 Qxd5 26. Bxd5 1-0

[Event "Prague Golden op"]
[Site "Prague"]
[Date "2010.07.??"]
[Round "7"]
[White "Vavra, Pavel"]
[Black "Kovar, Josef"]
[Result "1/2-1/2"]
[WhiteElo "2345"]
[BlackElo "2045"]
[PlyCount "38"]
[EventDate "2010.07.??"]
[EventType "swiss"]
[EventRounds "9"]
[EventCountry "CZE"]
[SourceTitle "EXT 2012"]
[Source "ChessBase"]
[SourceDate "2011.11.24"]
[SourceVersion "1"]
[SourceVersionDate "2011.11.24"]
[SourceQuality "1"]

1. f4 c5 2. b3 Nf6 3. Bb2 g6 4. e4 Bg7 5. g3 0-0 6. e5 Nd5 7. Bg2 Nc7 8. Nf3 d6 9. 0-0 Nc6 10. Na3 Bg4 11. Nc4 dxe5 12. fxe5 b5 13. Ne3 Bxf3 14. Bxf3 Qd7 15. a4 a6 16. axb5 axb5 17. c4 Rxa1 18. Bxa1 Nxe5 19. Bg2 bxc4 1/2-1/2

[Event "Teplice op 5th"]
[Site "Teplice"]
[Date "2010.06.15"]
[Round "4"]
[White "Slampa, Jan"]
[Black "Kovar, Josef"]
[Result "0-1"]
[WhiteElo "1884"]
[BlackElo "2024"]
[PlyCount "64"]
[EventDate "2010.06.12"]
[EventType "swiss"]
[EventRounds "9"]
[EventCountry "CZE"]
[SourceTitle "CBM 136 Extra"]
[Source "ChessBase"]
[SourceDate "2010.07.02"]
[SourceVersion "2"]
[SourceVersionDate "2010.07.15"]
[SourceQuality "1"]

1. e4 c5 2. d4 cxd4 3. c3 d3 4. Bxd3 g6 5. Nf3 Bg7 6. 0-0 Nc6 7. Bf4 Nf6 8. Qe2 0-0 9. Na3 d6 10. Rfd1 Bg4 11. Bb5 Nd7 12. Bxc6 bxc6 13. h3 Bxf3 14. gxf3 Qa5 15. Bg3 Qh5 16. Kg2 Rab8 17. Nc4 Kh8 18. Na5 Qxa5 19. f4 Qb5 20. Qxb5 Rxb5 21. b3 Nc5 22. c4 Rb7 23. e5 dxe5 24. fxe5 f5 25. f4 Ne4 26. Rd3 g5 27. Rad1 Nxg3 28. Kxg3 gxf4+ 29. Kxf4 Bh6+ 30. Kf3 Kg7 31. Rd7 Rfb8 32. c5 Kf7 0-1

[Event "Prague Visus op"]
[Site "Prague"]
[Date "2003.08.10"]
[Round "9"]
[White "Mikuev, Erenzen"]
[Black "Kovar, Josef"]
[Result "1-0"]
[WhiteElo "2258"]
[BlackElo "1922"]
[PlyCount "61"]
[EventDate "2003.08.??"]
[EventType "swiss"]
[EventRounds "9"]
[EventCountry "CZE"]
[SourceTitle "EXT 2006"]
[Source "ChessBase"]
[SourceDate "2005.11.24"]
[SourceVersion "1"]
[SourceVersionDate "2005.11.24"]
[SourceQuality "1"]

1. e4 c5 2. c3 Nf6 3. e5 Nd5 4. d4 cxd4 5. Nf3 d6 6. cxd4 Nc6 7. Bc4 e6 8. 0-0 Qc7 9. Bxd5 exd5 10. Nc3 Be6 11. Bf4 a6 12. Re1 0-0-0 13. Rc1 Kb8 14. Bg3 Ka8 15. a3 dxe5 16. Nxe5 Nxe5 17. Nxd5 Qa5 18. Nc7+ Ka7 19. Bxe5 Bf5 20. b4 Qxa3 21. Nb5+ axb5 22. Ra1 Bxb4 23. Rxa3+ Bxa3 24. Qf3 Bb4 25. Ra1+ Kb6 26. Qxf5 Rhe8 27. Rb1 Ba3 28. Bd6 Bb2 29. Qc5+ Ka6 30. Bc7 Bxd4 31. Qa3# 1-0